| 000 | 00607nam a2200205 a 4500 | ||
|---|---|---|---|
| 005 | 20140310183512.0 | ||
| 008 | 101012s19uu xx 00 eng d | ||
| 020 | _a9780763749453 | ||
| 050 |
_aRA 440.3.U6 _b.T43 2010 |
||
| 100 | _aWandberg, Robert | ||
| 245 | _aTeaching health education in language diverse classrooms. | ||
| 260 |
_aBoston : _bJones and Bartlette Pub, _c2010. |
||
| 300 |
_a273 p. : _c26 cm. |
||
| 521 | _aEDU | ||
| 650 | _aHealth education -United States. | ||
| 650 | _aEnglish language-Study and teaching. | ||
| 700 | _aRohwer, John | ||
| 942 |
_cBK _2lcc _kFOR |
||
| 999 |
_c24193 _d24193 |
||